|
|
|
|
| LEADER |
00000cam a2200000 a 4500 |
| 001 |
68676 |
| 003 |
CZ-ZlUTB |
| 005 |
20240829152521.0 |
| 008 |
031114s2004 enk g 000 1 eng |
| 020 |
|
|
|a 9780099470441
|q (brož.)
|
| 040 |
|
|
|a BDS
|b cze
|d ZLD002
|
| 072 |
|
7 |
|a 821.111(73)-3
|x Americká próza
|2 Konspekt
|9 25
|
| 080 |
|
|
|a 821.111(73)-31
|2 MRF
|
| 080 |
|
|
|a (0:82-311.1)
|2 MRF
|
| 100 |
1 |
|
|a Styron, William,
|d 1925-2006
|7 jn19990008342
|4 aut
|
| 245 |
1 |
0 |
|a Sophie's choice /
|c William Styron
|
| 260 |
|
|
|a London :
|b Vintage,
|c 2004
|
| 300 |
|
|
|a 632 s. ;
|c 20 cm
|
| 490 |
1 |
|
|a Vintage classics
|
| 655 |
|
7 |
|a americké romány
|7 fd131796
|2 czenas
|
| 655 |
|
7 |
|a psychologické romány
|7 fd278579
|2 czenas
|
| 655 |
|
9 |
|a American fiction
|2 eczenas
|
| 655 |
|
9 |
|a psychological novels
|2 eczenas
|
| 830 |
|
0 |
|a Vintage classics
|
| 910 |
|
|
|a ZLD002
|
| 952 |
|
|
|0 0
|1 0
|4 0
|6 821111STYRONW
|7 0
|8 BOOK
|9 124549
|a UTBZL
|b UTBZL
|c 006
|d 2013-11-20
|l 0
|o 821.111/STYRON,W.
|p 420010150665
|r 2019-08-26 00:00:00
|v 317.00
|w 2019-08-26
|x N:nákup; | 20100531
|y 04
|
| 952 |
|
|
|0 0
|1 0
|4 0
|6 821111STYRONW
|7 0
|8 BOOK
|9 124550
|a UTBZL
|b UTBZL
|c 006
|d 2013-11-20
|l 5
|o 821.111/STYRON,W.
|p 420010150666
|r 2022-12-13 00:00:00
|s 2022-11-07
|v 317.00
|w 2019-08-26
|x N:nákup; | 20100531
|y 04
|
| 992 |
|
|
|a BK
|b SK
|d 4
|
| 999 |
|
|
|c 68676
|d 68676
|